| 000 | 00678nam a2200229 a 4500 | ||
|---|---|---|---|
| 001 | 53618 | ||
| 003 | BD-RjUL | ||
| 005 | 20211209080007.0 | ||
| 008 | 161018r19961995enk 00010 eng d | ||
| 020 | _a0415102561 | ||
| 035 | _a(BD-RjUL)53740 | ||
| 040 |
_aANL _beng _dANL _cBD-RjUL |
||
| 041 | _aeng | ||
| 082 |
_223 _a941.00712 _bTEA 1996 |
||
| 245 | 1 | 4 |
_aTeaching of history / _cHilary Bourdillon |
| 260 |
_aLondon : _bRoutledge, _c1994 [Reprinted1996] |
||
| 300 |
_avi, 235 p. : _bill. ; _c23 cm. |
||
| 504 | _aInclude References and Index | ||
| 651 |
_aGreat Britain _vStudy and teaching. _xHistory _9160238 |
||
| 700 |
_aBourdillon, Hilary _9160244 |
||
| 942 |
_2ddc _cBK |
||
| 999 |
_c53618 _d53618 |
||